Vybrané kapitoly zo špeciálnej bakteriológie pre farmaceutov gram-pozitívne baktérie

Bibliographic Details
Main Authors: Pilipčinec, Emil, 1955- (Author), Novák, Petr (Author), Kovač, Andrej (Author), Pistl, Juraj, 1953- (Author), Tkáčiková, Ľudmila, 1956- (Author), Koščová, Jana, 1976- (Author), Segurado Benito Pilipčincová, Ivana, 1978- (Author), Holecyová, Monika, 1983- (Author)
Other Authors: Nemcová, Radomíra, 1959- (autt)
Format: Book
Language:Slovak
Published: Košice Univerzita veterinárskeho lekárstva a farmácie v Košiciach 2019
Edition:Prvé vydanie
Subjects:

MARC

LEADER 00000cam a2200000 4500
001 vtls011979778
003 SK-MaSNL
005 20260301103147.0
008 210701s2019 xo al f np 001 0 slo
015 |a SNBA2020/09 
020 |a 9788080776336  |q (viazané) 
035 |a urn:nbn:sk:snk-am00fg69 
035 |a urn:nbn:sk:snk-am3isil 
035 |a 830F3F25-13CB-443E-BEE5-F24479F9D741 
040 |a SNK  |b slo  |c SNK  |e rda 
041 0 |a slo 
044 |a xo  |c SK 
072 7 |a 579  |x Mikrobiológia  |2 konspekt 
080 |a 579  |2 2011 
080 |a 579.86  |2 2011 
080 |a 615.15  |2 2011 
080 |a 615.1  |2 2011 
080 |a (075.8)  |2 2011 
080 |a 636.09:615.01/.09  |2 2011 
100 1 |a Pilipčinec, Emil,  |d 1955-  |4 aut 
245 1 0 |a Vybrané kapitoly zo špeciálnej bakteriológie pre farmaceutov  |b gram-pozitívne baktérie  |c Pilipčinec E., Novák P., Kováč A., Pistl, J., Tkáčiková, Ľ., Koščová J., Nemcová R., Segurado Benito I., Fedorová M. 
246 3 0 |a Gram-pozitívne baktérie 
250 |a Prvé vydanie 
264 1 |a Košice  |b Univerzita veterinárskeho lekárstva a farmácie v Košiciach  |c 2019 
300 |a 310 strán  |b tabuľky  |c 30 cm 
336 |a text  |b txt  |2 rdacontent 
337 |a bez média  |b n  |2 rdamedia 
338 |a zväzok  |b nc  |2 rdacarrier 
504 |a Bibliografia na strane 303-305. Register 
650 0 7 |a bakteriológia  |2 SNKPH  |9 67939 
650 0 7 |a grampozitívne baktérie  |2 SNKPH  |9 16276 
650 0 7 |a farmácia  |2 SNKPH  |9 2467 
650 0 7 |a Pharmacy  |2 SNKPHeng  |9 265418 
650 0 7 |a veterinárna farmakológia  |2 SNKPH  |9 4200 
650 0 7 |a Veterinary pharmacology  |2 SNKPHeng  |9 323260 
655 7 |a učebnice vysokých škôl  |2 SNKPH  |9 70191 
655 7 |a Textbooks (higher)  |2 SNKPHeng  |9 276436 
700 1 |a Novák, Petr  |4 aut  |9 280828 
700 1 |a Kovač, Andrej  |4 aut  |9 356008 
700 1 |a Pistl, Juraj,  |d 1953-  |4 aut  |9 199782 
700 1 |a Tkáčiková, Ľudmila,  |d 1956-  |4 aut  |9 199677 
700 1 |a Koščová, Jana,  |d 1976-  |4 aut  |9 199678 
700 1 |a Nemcová, Radomíra,  |d 1959-  |4 autt  |9 203791 
700 1 |a Segurado Benito Pilipčincová, Ivana,  |d 1978-  |4 aut  |9 240433 
700 1 |a Holecyová, Monika,  |d 1983-  |4 aut  |9 233230 
710 2 |a Univerzita veterinárskeho lekárstva a farmácie v Košiciach.  |b Katedra mikrobiológie a imunológie  |4 pbl  |9 183513 
919 |a 978-80-8077-633-6 
958 |a OND 
999 |c 694321  |d 696251 
952 |a SNK  |b SNK  |y PREZ  |7 0  |p 17A1430418  |o snkSB 95916  |i snk2020/16736  |8 0  |0 0  |1 0  |4 0  |d 2020-09-21  |f 1  |l 0  |r 2025-05-19 00:00:00  |w 2026-02-23 
952 |a SNK  |b SNK  |y VYP  |7 0  |p 17A1430419  |o snkSB 95916 D1  |i snk2020/16737  |8 0  |0 0  |1 0  |4 0  |d 2020-09-21  |l 0  |r 2026-02-23 20:37:52  |w 2026-02-23